000 00436nam a2200157 i 4500
001 63022
003 ES-MaACL
005 20230906164753.0
007 t|
008 031127s1901 sp ||||1| spa d
100 1 _aFernández Vaamonde, Emilio.
_950134
245 1 0 _aAl vuelo
_b: cuentos y apuntes /
_cEmilio Fernández Vaamonde.
260 _aMadrid :
_bRicardo Fe,
_c1901.
300 _a126 p. ;
_c14 cm.
852 _aES-MaACL
_jF-2199
999 _c63022
_d63022